000
00342nam a2200157Ia 4500
100
_a
Galvin/Paul J
650
_a
Sharepoint
942
_c
BK
366
_f
20
245
_a
Professional workflow in sharepoint 2010
260
_b
Wiley India
_c
2012
082
_a
5.133
_b
GAL
300
_a
351
546
_a
ENGLISH
_c
Computers
999
_c
35330
_d
35330